Statistics for Mountain Ranges That Touch the Most Countries

Click here to take the quiz!

General Stats

  • This quiz has been taken 195 times
  • The average score is 8 of 16

Answer Stats

#Bordering CountriesMountain Range% Correct
7Austria, France, Germany, Italy, Liechtenstein, Slovenia, SwitzerlandAlps
96%
7Argentina, Bolivia, Chile, Colombia, Ecuador, Peru, VenezuelaAndes
91%
7Afghanistan, Bhutan, China, India, Myanmar, Nepal, PakistanHimalayas
91%
2Canada, United StatesRocky
85%
2Kazakhstan, RussiaUrals
67%
3Andorra, France, SpainPyrenees
65%
3Algeria, Morocco, TunisiaAtlas
63%
6Armenia, Azerbaijan, Georgia, Iran, Russia, TurkeyCaucasus
62%
7Czech Republic, Hungary, Poland, Romania, Serbia, Slovakia, UkraineCarpathian
53%
2Canada, United StatesAppalachian
42%
2Afghanistan, PakistanHindu Kush
28%
4China, Kazakhstan, Mongolia, RussiaAltai
19%
4China, Kazakhstan, Kyrgyzstan, UzbekistanTian Shan
18%
3Finland, Norway, SwedenScandinavian
17%
5Afghanistan, China, Kyrgyzstan, Pakistan, TajikistanPamir
16%
2Laos, VietnamAnnamite
7%

Score Distribution

Percentile by Number Answered

Percent of People with Each Score

Your Score History

You have not taken this quiz